| 000 | 00724nam a2200241Ia 4500 | ||
|---|---|---|---|
| 001 | dia_1859 | ||
| 003 | CHAP | ||
| 005 | 20251021154448.0 | ||
| 008 | 220117s1976 xx 000 0 und d | ||
| 010 | _a172396 | ||
| 040 | _cCHAP | ||
| 082 | _a633. C4Y | ||
| 100 |
_aChristensen, Clyde M. _9151723 |
||
| 245 |
_aContaminación por Hongos en Granos Almacenados / _c por Clyde M. Christensen |
||
| 260 |
_aMéxico : _b Pax-México, _c1976 |
||
| 300 | _a198 p. | ||
| 650 |
_a1.Granos _xalmacenamiento _xenfermedades y daños/ _9151724 |
||
| 650 |
_aHongos, fitopatogénicos. _9151725 |
||
| 901 | _a633. C4Y | ||
| 902 | _aM | ||
| 905 | _a0000001976 MEXA 0000000000ESP00 | ||
| 942 |
_cLIBRO _2ddc |
||
| 999 |
_c172396 _d172396 |
||